000 00438nam a22001697a 4500
005 20231114194707.0
008 231114b |||||||| |||| 00| 0 eng d
082 _a657.046
_bJAI-A
100 _aJain,S.P
245 _aSolution to question on advance Cost management accounting
260 _aIndia
_bKalyani publisher
_c1996
300 _a1068
500 _aInclude Index
650 _aAccounting
700 _aS.P.Jain
999 _c34725
_d34725